[Event "Challenge"]
[Site "http://www.queenalice.com/game.php?id=224770"]
[Date "2007.6.14"]
[Round "-"]
[White "mogerio"]
[Black "Rookie"]
[Result "0-1"]
[WhiteElo "1338"]
[BlackElo "1292"]

1. e4 e6 2. d4 d5 3. e5 c5 4. dxc5 Bxc5 5. Be3 Nd7 6. Bxc5 Nxc5 7. Bb5+ Bd7 8.
Nf3 Bxb5 9. Nc3 Qb6 10. Nxb5 Qa5+ 11. Qd2 Qxb5 12. Qe2 Qxe2+ 13. Kxe2 Nh6 14.
Rhd1 O-O 15. Ng5 Ng4 16. f3 Nxe5 17. f4 Ng6 18. b4 Na4 19. Rd3 Nxf4+ 20. Ke3
Nxg2+ 21. Ke2 Nf4+ 22. Ke3 Nxd3 23. Kxd3 Rac8 24. Rg1 Nb2+ 25. Kd2 Rc4 26. Rg3
Rfc8 27. Rh3 h6 28. Nf3 Rxc2+ 29. Ke3 R8c3+ 30. Kf4 Nd1 31. a4 Ra2 32. b5 Rxa4+
33. Ke5 d4 34. Rg3 d3 35. Nh4 d2 36. Rxc3 Nxc3 37. b6 axb6 0-1

[Event "Challenge"]
[Site "http://www.queenalice.com/game.php?id=240590"]
[Date "2007.7.16"]
[Round "-"]
[White "Rookie"]
[Black "PedroNRF"]
[Result "0-1"]
[WhiteElo "1286"]
[BlackElo "1665"]

1. d4 d5 2. c4 e5 3. e3 e4 4. cxd5 Qxd5 5. Nc3 Qa5 6. Qa4+ Qxa4 7. Nxa4 Nf6 8.
Nc3 Be6 9. Nb5 Na6 10. Nc3 Nb4 11. Bb5+ c6 12. Ba4 b5 13. Bd1 Bc4 14. b3 Nd3+
15. Kf1 Nxc1+ 0-1

[Event "AUTO-BEG-141"]
[Site "http://www.queenalice.com/game.php?id=275274"]
[Date "2007.9.21"]
[Round "1"]
[White "Rookie"]
[Black "cilasx"]
[Result "0-1"]
[WhiteElo "1300"]
[BlackElo "1097"]

1. d4 d5 2. c4 e6 3. e3 Nf6 4. Nc3 c5 5. Nf3 Nc6 6. cxd5 exd5 7. Bb5 Bd6 8. O-O
O-O 9. Bxc6 bxc6 10. Na4 cxd4 11. Nxd4 c5 12. Nc6 Qc7 13. h3 Qxc6 14. b3 Bb7 15.
Qf3 Be5 16. Bb2 Bxb2 17. Nxb2 Ne4 18. Rfd1 Qg6 19. g3 Rab8 0-1

[Event "AUTO-BEG-141"]
[Site "http://www.queenalice.com/game.php?id=275275"]
[Date "2007.9.21"]
[Round "1"]
[White "cilasx"]
[Black "Rookie"]
[Result "1-0"]
[WhiteElo "1197"]
[BlackElo "1300"]

1. e4 e6 2. d4 d5 3. exd5 exd5 4. Nf3 Nf6 5. h3 Bb4+ 6. c3 Ba5 7. Bd3 O-O 8. O-O
c6 9. Bg5 h6 10. Bh4 Qd6 11. Nbd2 Bc7 12. Bg3 Qd7 13. Bxc7 Qxc7 14. Ne5 Re8 15.
Ndf3 Nbd7 16. Re1 Nxe5 17. Nxe5 Bd7 18. Rc1 c5 19. Bb1 1-0

[Event "AUTO-BEG-141"]
[Site "http://www.queenalice.com/game.php?id=275276"]
[Date "2007.9.21"]
[Round "1"]
[White "Rookie"]
[Black "dstroid"]
[Result "1-0"]
[WhiteElo "1345"]
[BlackElo "1096"]

1. d4 d5 2. c4 dxc4 3. e3 e6 4. Bxc4 b5 5. Bxb5+ Ke7 6. b3 a6 7. Bc4 Nc6 8. Nf3
Ke8 9. O-O Rb8 10. Qe2 g5 11. Rd1 g4 12. Ne5 Nxe5 13. Bxa6 Nc6 14. Qb5 Rxb5 15.
Bxb5 Bb7 16. Nc3 Bd6 17. g3 Bb4 18. Bb2 Qa8 19. d5 exd5 20. Nxd5 Qa5 21. Ba4 Ba6
22. Bxh8 Bb5 23. Bxb5 Qxb5 24. Nxc7+ Ke7 25. Nxb5 f6 26. Rd3 Ne5 27. Rd4 Bc5 28.
Re4 Nh6 29. Kg2 Kf8 30. Nd4 Kg8 31. Bxf6 Nhf7 32. Bxe5 Bd6 33. Bxd6 Nxd6 34.
Rxg4+ Kf7 35. Rd1 Kf6 36. Nf3 Ke6 37. Rh4 Nf5 38. Re4+ Kf6 39. Rd8 Kf7 40. Rd5
Kf6 41. Ra4 Ke6 42. Raa5 h6 43. Rxf5 Ke7 44. Rh5 Kf6 45. Rxh6+ Kg7 46. Rb6 Kf7
47. Ra7+ Ke8 48. Rb8# 1-0

[Event "AUTO-BEG-141"]
[Site "http://www.queenalice.com/game.php?id=275277"]
[Date "2007.9.21"]
[Round "1"]
[White "dstroid"]
[Black "Rookie"]
[Result "0-1"]
[WhiteElo "1071"]
[BlackElo "1298"]

1. e4 e6 2. e5 d5 3. Nf3 c5 4. Bb5+ Bd7 5. a4 a6 6. Bd3 c4 7. Be2 Qa5 8. c3 Nc6
9. b4 Qc7 10. a5 Nxe5 11. Nd4 Nf6 12. O-O Be7 13. f4 Nc6 14. Nf3 Qxf4 15. g3 Qc7
16. d4 cxd3 17. Bxd3 O-O 18. Nd4 Nxd4 19. cxd4 Bxb4 20. Rxf6 gxf6 21. Bb2 Bxa5
22. Qh5 f5 23. g4 Be8 24. gxf5 f6 25. Ba3 Bxh5 26. fxe6 Bc3 27. Ra2 Bxd4+ 28.
Kg2 Bc5 29. Rc2 b6 30. Rc3 Qc6 31. Kh3 Qxe6+ 32. Kh4 Qg4# 0-1

[Event "AUTO-BEG-141"]
[Site "http://www.queenalice.com/game.php?id=275278"]
[Date "2007.9.21"]
[Round "1"]
[White "Rookie"]
[Black "Augustodombosco"]
[Result "0-1"]
[WhiteElo "1334"]
[BlackElo "1513"]

1. d4 d5 2. c4 dxc4 3. e3 Nc6 4. Bxc4 Nf6 5. Nf3 Bg4 6. h3 Bh5 7. O-O e6 8. Bb5
a6 9. Bxc6+ bxc6 10. Nbd2 c5 11. Qa4+ Nd7 12. Ne5 Bd6 13. Nxd7 Qxd7 14. Qxd7+
Kxd7 15. Ne4 f5 16. Nxd6 cxd6 17. dxc5 dxc5 18. f3 g5 19. Rd1+ Kc6 20. g4 fxg4
21. hxg4 Bf7 22. e4 h5 23. Bxg5 c4 24. Rdc1 Kc5 25. b3 e5 26. Bf6 Rhe8 27. gxh5
Bxh5 28. Kf2 Bf7 29. Rc2 Kb4 30. a3+ Kxb3 31. Rcc1 Rac8 32. a4 c3 33. a5 Kb2 34.
Rab1+ Ka2 35. Ra1+ Kb3 36. Rab1+ Kc4 37. Rb6 Ra8 38. Rc6+ Kb5 39. R1xc3 Kxa5 40.
Ra3+ Kb5 41. Rac3 a5 42. R6c5+ Kb4 43. Rc1 a4 44. Bxe5 a3 45. R5c2 a2 46. Ra1
Kb3 47. Rb2+ Ka3 48. Bd6+ Kxb2 0-1

[Event "AUTO-BEG-141"]
[Site "http://www.queenalice.com/game.php?id=275279"]
[Date "2007.9.21"]
[Round "1"]
[White "Augustodombosco"]
[Black "Rookie"]
[Result "1-0"]
[WhiteElo "1508"]
[BlackElo "1343"]

1. e4 e6 2. d4 d5 3. exd5 exd5 4. Nc3 Nf6 5. Bg5 Be7 6. Bd3 O-O 7. Bxf6 Bxf6 8.
Nf3 Bg4 9. Be2 Nc6 10. O-O Bxf3 11. Bxf3 Bxd4 12. Bxd5 Bxc3 13. bxc3 Qd7 14. Rb1
Rab8 15. f4 Ne7 16. Bxb7 Qxd1 17. Rfxd1 Ng6 18. g3 Rfd8 19. Rxd8+ Rxd8 20. f5
Ne5 21. Be4 Nc4 22. Rb7 Nd6 23. Rb4 Re8 24. Bd3 g6 25. f6 h5 26. c4 Ne4 27. Rb7
Nxf6 28. Rxc7 Ra8 29. c5 Nd5 30. Rd7 Nb4 31. Bc4 Rf8 32. Rxa7 Nxc2 33. c6 Rc8
34. c7 Nb4 35. a4 Kf8 36. Rb7 Nc6 37. Bd5 Ne7 38. Bf3 Ke8 39. a5 Kd7 40. a6 Rxc7
41. a7 Rxb7 42. Bxb7 1-0

[Event "AUTO-BEG-98"]
[Site "http://www.queenalice.com/game.php?id=289410"]
[Date "2007.10.19"]
[Round "2"]
[White "demonsword"]
[Black "Rookie"]
[Result "1-0"]
[WhiteElo "1427"]
[BlackElo "1325"]

1. e4 e6 2. d4 d5 3. e5 c5 4. Nf3 Nc6 5. c4 cxd4 6. Nxd4 Nxe5 7. Qa4+ Bd7 8. Qb3
dxc4 9. Qxb7 Bc6 10. Nxc6 Nxc6 11. Qxc6+ Ke7 12. Qxc4 Ke8 13. Qe4 Rc8 14. Bb5+
Ke7 15. a4 Qa5+ 16. Nd2 Nf6 17. Qb7+ Rc7 18. Qf3 g6 19. O-O Bh6 20. Nc4 Qb4 21.
Bxh6 1-0

[Event "AUTO-BEG-98"]
[Site "http://www.queenalice.com/game.php?id=289411"]
[Date "2007.10.19"]
[Round "2"]
[White "Rookie"]
[Black "demonsword"]
[Result "0-1"]
[WhiteElo "1313"]
[BlackElo "1439"]

1. d4 d5 2. c4 e6 3. Nc3 Qd6 4. e3 c5 5. Nf3 cxd4 6. Nxd4 a6 7. cxd5 e5 8. Nf5
Bxf5 9. e4 Bg6 10. Bd3 Nd7 11. O-O Ngf6 12. Qa4 h5 13. Bg5 Nxe4 14. Bxe4 Bxe4
15. Nxe4 Qxd5 16. Rfd1 Qb5 17. Qxb5 axb5 18. Rd5 f6 19. Be3 g5 0-1

[Event "AUTO-BEG-104"]
[Site "http://www.queenalice.com/game.php?id=294435"]
[Date "2007.10.28"]
[Round "2"]
[White "evasion"]
[Black "Rookie"]
[Result "1-0"]
[WhiteElo "1828"]
[BlackElo "1345"]

1. d4 d5 2. c4 e6 3. Nc3 c5 4. cxd5 exd5 5. Nf3 Nc6 6. e3 Qb6 7. Nxd5 Qa5+ 8.
Qd2 cxd4 9. Qxa5 Nxa5 10. Nc7+ Kd7 11. Nxa8 1-0

[Event "AUTO-BEG-104"]
[Site "http://www.queenalice.com/game.php?id=294436"]
[Date "2007.10.28"]
[Round "2"]
[White "Rookie"]
[Black "evasion"]
[Result "0-1"]
[WhiteElo "1302"]
[BlackElo "1795"]

1. d4 Nf6 2. c4 e6 3. Nf3 b6 4. Nc3 Bb4 5. Bd2 Bb7 6. e3 O-O 7. a3 Bxc3 8. Bxc3
d5 9. cxd5 Nxd5 10. Bd3 Nxc3 11. bxc3 Nd7 12. O-O Nf6 13. Re1 Qe7 14. Qc2 h6 15.
Ne5 Nd7 16. Nxd7 Qxd7 17. Bc4 Qc6 18. f3 Qxc4 19. Kf2 Qd5 0-1